[Event "Lvov Vasylyshyn Memorial-B 18th"]
[Site "Lvov"]
[Date "2021.12.07"]
[Round "4"]
[White "Vypkhaniuk, Igor"]
[Black "Dubnevych, Maksym"]
[Result "1-0"]
[WhiteElo "2426"]
[BlackElo "2076"]
[PlyCount "53"]
[EventDate "2021.12.04"]
[EventType "tourn"]
[EventRounds "9"]
[EventCountry "UKR"]
[SourceTitle "CBM 205 Extra"]
[Source "ChessBase"]
[SourceDate "2022.01.31"]
[SourceVersion "1"]
[SourceVersionDate "2022.01.31"]
[SourceQuality "1"]

1. d4 Nf6 2. Nf3 d5 3. c4 e6 4. Nc3 Be7 5. Bf4 0-0 6. e3 c6 7. Qc2 Na6 8. a3 h6 9. Rc1 dxc4 10. Bxc4 b5 11. Be2 b4 12. axb4 Nxb4 13. Qb3 c5 14. 0-0 cxd4 15. Nxd4 Bb7 16. Rfd1 Qa5 17. Nxe6 fxe6 18. Qxe6+ Rf7 19. Bc4 Raf8 20. Qxe7 Bd5 21. Bxd5 Nfxd5 22. Qe5 Rf5 23. Qe6+ Kh8 24. Nxd5 Rxd5 25. Rxd5 Nxd5 26. Be5 Rxf2 27. Qxh6+ 1-0

[Event "Lvov Vasylyshyn Memorial-B 18th"]
[Site "Lvov"]
[Date "2021.12.05"]
[Round "2"]
[White "Vypkhaniuk, Igor"]
[Black "Krzywda, Andrzej"]
[Result "1/2-1/2"]
[WhiteElo "2426"]
[BlackElo "2110"]
[PlyCount "104"]
[EventDate "2021.12.04"]
[EventType "tourn"]
[EventRounds "9"]
[EventCountry "UKR"]
[SourceTitle "CBM 205 Extra"]
[Source "ChessBase"]
[SourceDate "2022.01.31"]
[SourceVersion "1"]
[SourceVersionDate "2022.01.31"]
[SourceQuality "1"]

1. d4 Nf6 2. Nf3 e6 3. c4 b6 4. g3 Bb7 5. Bg2 c5 6. d5 exd5 7. Nh4 g6 8. Nc3 Bg7 9. Bg5 0-0 10. Qd2 Qe8 11. Bxf6 Bxf6 12. Bxd5 Bxc3 13. bxc3 Bxd5 14. cxd5 d6 15. 0-0 Nd7 16. Rae1 b5 17. e4 a5 18. f4 f6 19. Nf3 Qe7 20. g4 Rae8 21. Qd3 b4 22. g5 fxg5 23. Nxg5 Rxf4 24. Rxf4 Qxg5+ 25. Qg3 Qxg3+ 26. hxg3 c4 27. cxb4 axb4 28. e5 Nxe5 29. Kf1 Ra8 30. Rxe5 dxe5 31. Rxc4 Rxa2 32. Rxb4 Rd2 33. Rb8+ Kg7 34. Rb7+ Kf6 35. Rxh7 Rxd5 36. Kg2 Kf5 37. Rh4 Rd4 38. Rh8 Rd2+ 39. Kf3 Rd3+ 40. Kf2 Rd6 41. Kf3 e4+ 42. Kg2 Rd2+ 43. Kf1 Kg4 44. Rh4+ Kf5 45. Rf4+ Ke5 46. Rf8 Rd6 47. Ke2 Ra6 48. Ke3 Ra3+ 49. Kf2 g5 50. g4 e3+ 51. Kf3 e2+ 52. Kxe2 Ra2+ 1/2-1/2